000 01371cam a2200133 4500500
005 20260329023218.0
041 _afre
042 _adc
100 1 0 _aVovelle, Michel
_eauthor
245 0 0 _aLa Révolution française 1789-1799 : 1789-1799
260 _bArmand Colin,
_c2023.
520 _aLa Révolution française est d’abord un événement dont il importe de connaître de cours et la portée. L’expansion révolutionnaire, la place de la guerre, la Terreur, la Contre-Révolution s’inscrivent dans cette période de l’histoire française.Mais la Révolution, c’est aussi une remise en cause d’un ancien ordre et l’émergence de valeurs nouvelles dans les domaines du politique, du social, de l’économique, de la démographie. Le religieux et le culturel ont été également profondément modifiés : une place importante est faite à l’histoire des mentalités, aux traits de cet homme « régénéré » que la Révolution a rêvé de promouvoir, à sa vie quotidienne, à ses aspirations.Cet ouvrage éclaire ce moment fondateur et offre un tableau complet et sensible de cette décennie qui a changé le cours de l’histoire. Il propose enfin un état des lieux de la Révolution française, entre mémoire et héritage.
856 4 1 _uhttps://shs.cairn.info/la-revolution-francaise--9782200634766?lang=fr&redirect-ssocas=7080
999 _c1925527
_d1925527